LIBRARY & INFORMATION CENTRE, KCAET, TAVANUR

ONLINE PUBLIC ACCESS CATALOGUE (OPAC)

Air pollution / (Record no. 2425)

MARC details
000 -LEADER
fixed length control field 00393cam a2200169ua 4500
041 ## - LANGUAGE CODE
Language code of text/sound track or separate title eng
082 ## - DEWEY DECIMAL CLASSIFICATION NUMBER
Classification number 628.53
Item number BAR/AI
100 ## - MAIN ENTRY--AUTHOR NAME
Personal name Barker, K .
245 ## - TITLE STATEMENT
Title Air pollution /
250 ## - EDITION STATEMENT
Edition statement 1 /
260 ## - PUBLICATION, DISTRIBUTION, ETC. (IMPRINT)
Place of publication :
Name of publisher Columbia university press ,
Year of publication 1961.
300 ## - PHYSICAL DESCRIPTION
Number of Pages 442 ; .
700 1# - ADDED ENTRY--PERSONAL NAME
Personal name Cambi, F .
942 ## - ADDED ENTRY ELEMENTS (KOHA)
Koha item type Books
Holdings
Withdrawn status Lost status Damaged status Home library Current library Date acquired Full call number Accession Number Koha item type
      KAUAET KAUAET 07/04/2012 628.53 7669 Books
free website counter